| 000 | 00736cam a2200217 4500 | ||
|---|---|---|---|
| 001 | WB3613-31 | ||
| 008 | 000000n2000 000 0 eng u | ||
| 035 | _a(Sirsi) u105054 | ||
| 245 | _aNew homes | ||
| 260 | _c2000 | ||
| 490 |
_aDETR News Release _v(209) 23 March 2000 (3) |
||
| 520 | _aA government report 'Conversion and redevelopment: processes and potential' indicates that between 18,000 and 26.500 additional homes could be provided each year through the conversion of buildings and redevelopment of existing homes. | ||
| 590 | _aWB | ||
| 650 | _aEMPTY HOMES | ||
| 650 | _aRESIDENTIAL CONVERSIONS | ||
| 650 | _aPPG3 | ||
| 650 | _aTOWN CENTRES | ||
| 650 | _aPLANNING POLICY | ||
| 690 | _aREGENERATION | ||
| 942 | _n0 | ||
| 999 |
_c63001 _d63001 |
||